Catalogue des Livres de la Bibliothèque á Gattendorf

Elmentve itt :
Bibliográfiai részletek
Dokumentumtípus: Kézirat
Megjelent: 1805
Kulcsszavak:Könyvtári katalógus-1805-kézirat, Esterházy-család-magánkönyvtár
Online Access:http://misc.bibl.u-szeged.hu/71004
LEADER 00577ntm a2200169 i 4500
001 misc71004
005 20230125123609.0
008 230125s1805 hu o 0|| ger d
040 |a SZTE Miscellanea Repozitórium  |b hun 
041 |a ger 
041 |a fre 
041 |a lat 
245 0 0 |a Catalogue des Livres de la Bibliothèque á Gattendorf  |h [elektronikus dokumentum] 
260 |c 1805 
300 |a 153 fol.  |c 25,5x21,5 cm 
695 |a Könyvtári katalógus-1805-kézirat, Esterházy-család-magánkönyvtár 
856 4 0 |u http://misc.bibl.u-szeged.hu/71004/1/ms_1826.pdf  |z Dokumentum-elérés